00787nam a2200229Ii 45000010005000000030009000050080041000140200015000550400033000700410008001030840009001111000045001202450032001652640063001973000012002603360026002723370028002983380027003269400050003539990017004039520137004209976CO-ViMGA241108s9999||||xx |||||||||||||| ||und|| a9586333485 aCO-ViMGAbspaerdacCO-ViMGA0 aunk aLI-11 aHermana O.P Carolina Echeverri H.95500610aRimas y poemas para niños 1a[Lugar de publicación no identificado] : Rei Andes, 1994 avolumen atextbtxt2rdacontent aunmediatedbn2rdamedia avolumebnc2rdacarrier aidficha_siabuc: 9751. -- ficha_no_siabuc:9976 c52349d52349 001040708001aMEVIGERRbMEVIGERRcGENd2006-11-27hVol.1oLI-1pECA10527r2024-11-26 10:09:06tEj.1w2024-11-26yBKz9751 | 13285